000 00976nac a22003011i 4500
003 EG-ScBUE
005 20230503111914.0
008 230503t1985 ua a f b 000 0 eng d
020 _a977424057X (pbk.) :
040 _aEG-ScBUE
_beng
_erda
_cEG-ScBUE
_dEG-ScBUE
043 _af-ua---
082 0 4 _a746.7962
_bBRO
_222
100 1 _aBrown, Luanne,
_eauthor.
245 1 0 _aEgyptian carpets :
_ba practical guide /
_cby Luanne Brown, Sidna Rachid.
264 1 _aCairo :
_bAmerican University in Cairo Press,
_c[1985]
264 4 _cc1985
300 _a104 pages :
_billustrations (some color) ;
_c21 cm
336 _2rdacontent
_atext
_btxt
337 _2rdamedia
_aunmediated
_bn
338 _2rdacarrier
_avolume
_bnc
504 _aIncludes bibliographical references.
650 7 _aRugs
_zEgypt.
_2BUEsh
650 7 _aCarpets
_zEgypt.
_2BUEsh
653 _bART
655 _vReading book
700 1 _aRachid, Sidna,
_eauthor.
942 _cBB
_k746.7962 BRO
_2ddc
999 _c5658
_d5658